La vie de Charlemagne - Statistiques

Statistiques générales
  • Ce quiz a été pris 10 fois
  • Le résultat moyen est 7 sur 15
Statistiques - réponses
Questions Réponses % Correct
En quelle année est-il couronné empereur ? 800
100%
Contrairement aux idées reçues, Charlemagne ne l'a pas créé, mais il lui a donné un nouvel élan. De quoi s'agit-il ? École
89%
Qui était son père ? Pépin le Bref
89%
Et dans quelle ville est-il mort ? Aix-la-Chapelle
67%
En quelle année est-il mort ? 814
56%
A quelle dynastie appartenait-il ? Carolingiens
56%
Lequel de ses enfants est son successeur ? Louis 1er
56%
En quelle année devient-il roi des Francs ? 768
44%
En quelle année devient-il roi des Lombards ? 774
44%
Comment se nomme son frère avec qui il a régné jusqu'en 771, date de la mort de ce dernier ? Carloman 1er
44%
Avec quelles puissances du bassin méditerranéen entretenait-il des relations ? Empire romain d'Orient
33%
Et par qui est-il couronné ? Léon III
33%
Avec quelles puissances du bassin méditerranéen entretenait-il des relations ? Califat Abbasside de Bagdad
11%
De quoi était-il parfois considéré comme le père ? Europe
11%
Avec quelle puissance anglo-saxonne entretenait-il des relations ? Mercie
11%
Aucun quiz correspondant
Distribution des résultats
% des personnes avec chaque résultat
Percentile par nombre de réponses
Votre historique - résultats
Vous n’avez pas pris ce quiz